Statistics for Misleading Animal Names - Picture Quiz

Click here to take the quiz!

General Stats

  • This quiz has been taken 1,668 times
  • The average score is 16 of 20

Answer Stats

Answer% Correct
Fish
99%
Horse
99%
Whale
99%
Bear
98%
Pig
98%
Fly
97%
Goat
96%
Dog
93%
Eel
93%
Panda
93%
Cobra
92%
Badger
85%
Buffalo
83%
Fox
78%
Toad
77%
Wolf
64%
Shrimp
60%
Cat
52%
Lemur
18%
Chicken
13%

Score Distribution

Percentile by Number Answered

Percent of People with Each Score

Your Score History

You have not taken this quiz